Culture Générale - Série 1717 - Statistiques

Statistiques générales
  • Ce quiz a été pris 108 fois
  • Le résultat moyen est 5 sur 10
Statistiques - réponses
Question Réponse % Correct
Qu'est-ce qui peut être "d'échappement" sur une voiture, "au-feu" en gastronomie et "pourri" pour parfumer ? pot
95%
A partir de 1963, dans le programme télévisé "Bonne nuit les petits", quelle fillette attend le marchand de sable aux côtés de Nicolas ? Pimprenelle
82%
Dans quel pays vit l'ornithorynque ? Australie
72%
Au poker, quel mot anglais de 4 lettres désigne la combinaison composée d'un brelan et d'une paire ? full
67%
Dans quel pays d'Amérique peut-on admirer les paysages vierges de Gaspésie ? Canada
58%
Quel animal appelle-t-on "licorne des mers " ? narval
49%
Quelle île des Caraïbes au nom d'animal servait de repaire aux pirates ? tortue
32%
Quel lac d'eau de mer est bleu, d'après le titre d'un film de 1981 avec Brooke Shields? lagon
28%
Comment nomme-t-on la baie du Bosphore sur la rive d'Europe, à Istanbul ? La Corne d'Or
16%
Quelle chanteuse interprète Liliane, aux côtés de Jean-Pierre Léaud, dans le film "La Nuit américaine" de François Truffaut ? Dani
3%
Aucun quiz correspondant
Distribution des résultats
% des personnes avec chaque résultat
Percentile par nombre de réponses
Votre historique - résultats
Vous n’avez pas pris ce quiz